Hermenêutica e cemitérios: um olhar sobre o cemitério da Santa Casa em Porto Alegre = Hermeneutics and cemeteries : a look at the Santa Casa cemetery in Porto Alegre
We realized different ways societies express the feeling of death, but always keeping the idea of preserving the memory of the dead by the image in an attempt to keep alivetheir identity. For Christians, the belief in eternal life represents a link between the living world (secular) and the dead (sa...
| Altri titoli: | Hermeneutics and cemeteries |
|---|---|
| Autore principale: | |
| Tipo di documento: | Elettronico Articolo |
| Lingua: | Portoghese |
| Verificare la disponibilità: | HBZ Gateway |
| Interlibrary Loan: | Interlibrary Loan for the Fachinformationsdienste (Specialized Information Services in Germany) |
| Pubblicazione: |
2014
|
| In: |
Ciencias sociales y religión
Anno: 2014, Volume: 16, Fascicolo: 20, Pagine: 82-95 |
| Altre parole chiave: | B
Arte de la tumba
B Religiosidad B Cementerios B Hermenéutica |
| Accesso online: |
Volltext (kostenfrei) Volltext (kostenfrei) |
MARC
| LEADER | 00000naa a22000002c 4500 | ||
|---|---|---|---|
| 001 | 178484750X | ||
| 003 | DE-627 | ||
| 005 | 20220105143931.0 | ||
| 007 | cr uuu---uuuuu | ||
| 008 | 220105s2014 xx |||||o 00| ||por c | ||
| 024 | 7 | |a 10.22456/1982-2650.50858 |2 doi | |
| 035 | |a (DE-627)178484750X | ||
| 035 | |a (DE-599)KXP178484750X | ||
| 040 | |a DE-627 |b ger |c DE-627 |e rda | ||
| 041 | |a por | ||
| 084 | |a 0 |2 ssgn | ||
| 100 | 1 | |a Araújo, Thiago Nicolau de |e VerfasserIn |4 aut | |
| 245 | 1 | 0 | |a Hermenêutica e cemitérios |b um olhar sobre o cemitério da Santa Casa em Porto Alegre = Hermeneutics and cemeteries : a look at the Santa Casa cemetery in Porto Alegre |
| 246 | 3 | 1 | |a Hermeneutics and cemeteries |b a look at the Santa Casa cemetery in Porto Alegre |
| 264 | 1 | |c 2014 | |
| 336 | |a Text |b txt |2 rdacontent | ||
| 337 | |a Computermedien |b c |2 rdamedia | ||
| 338 | |a Online-Ressource |b cr |2 rdacarrier | ||
| 520 | |a We realized different ways societies express the feeling of death, but always keeping the idea of preserving the memory of the dead by the image in an attempt to keep alivetheir identity. For Christians, the belief in eternal life represents a link between the living world (secular) and the dead (sacred). Hence arises the need to preserve the memory of the dead, creating a permanent relationship between the secular world and the sacred world. We analyzed the funeral works through a specific hermeneutic, because when a family chooses a statue of Christ, holy and inserts some other elements of the Christian faith, is reaffirming his belief or religious community in which they live. Thus, it is the diversity of props that compose the funerary art that makes it possible to identify the concepts present in a religious holy ground. | ||
| 650 | 4 | |a Arte de la tumba | |
| 650 | 4 | |a Cementerios | |
| 650 | 4 | |a Hermenéutica | |
| 650 | 4 | |a Religiosidad | |
| 773 | 0 | 8 | |i Enthalten in |t Ciencias sociales y religión |d Porto Alegre, RS, Brasil : Asociación de Cientistas Sociales de la Religión del Mercosur, 1999 |g 16(2014), 20, Seite 82-95 |h Online-Ressource |w (DE-627)555687368 |w (DE-600)2400625-7 |w (DE-576)281363048 |x 1982-2650 |7 nnas |
| 773 | 1 | 8 | |g volume:16 |g year:2014 |g number:20 |g pages:82-95 |
| 856 | |u https://econtents.bc.unicamp.br/inpec/index.php/csr/article/download/12703/8075 |x unpaywall |z Vermutlich kostenfreier Zugang |h publisher [deprecated] | ||
| 856 | 4 | 0 | |u https://doi.org/10.22456/1982-2650.50858 |x Resolving-System |z kostenfrei |3 Volltext |7 0 |
| 856 | 4 | 0 | |u https://econtents.bc.unicamp.br/inpec/index.php/csr/article/view/12703 |x Verlag |z kostenfrei |3 Volltext |7 0 |
| 951 | |a AR | ||
| ELC | |a 1 | ||
| LOK | |0 000 xxxxxcx a22 zn 4500 | ||
| LOK | |0 001 4030282067 | ||
| LOK | |0 003 DE-627 | ||
| LOK | |0 004 178484750X | ||
| LOK | |0 005 20220105140736 | ||
| LOK | |0 008 220105||||||||||||||||ger||||||| | ||
| LOK | |0 040 |a DE-Tue135 |c DE-627 |d DE-Tue135 | ||
| LOK | |0 092 |o n | ||
| LOK | |0 852 |a DE-Tue135 | ||
| LOK | |0 852 1 |9 00 | ||
| LOK | |0 935 |a ixzs |a ixzo |a rwrk | ||
| LOK | |0 939 |a 05-01-22 |b l01 | ||
| OAS | |a 1 | ||
| ORI | |a SA-MARC-ixtheoa001.raw | ||
| REL | |a 1 | ||
| SUB | |a REL | ||